00582nam a2200169Ia 4500008004100000040001600041041001200057082001500069100002100084245009100105250001200196260003600208300001100244942000700255952013300262999001700395230917s9999||||xx |||||||||||||| ||und|| e29762aMAIN aEnglish a158.7 S39P aSchultz, Duane P 0aPsychology and work today: An introduction to industrial and organizational psychology a7th ed. aNew JerseybPrentice-Hallc1998 a566 p. cBK 0010406158_700000000000000_S39P709139342aMAINbMAINd2002-08-08l0o158.7 S39Pp173886r2023-09-17 21:04:22w2023-09-17yBK c92754d92754